000 00226 a2200085 4500
020 _a‎ 9781941806197
100 _aVinayak Bharne and Shyam Khandekar (Editor)
245 _aAffordable Housing: Inclusive Cities
260 _c 2019
999 _c13277
_d13277